| 000 | 01726nam a2200457Ii 4500 | ||
|---|---|---|---|
| 001 | DIGDYK0332 | ||
| 003 | NyNyDIG | ||
| 008 | 140421t20112010sp ob 000 0 spa d | ||
| 006 | m o d | ||
| 007 | cr ||||||||||| | ||
| 035 | _a(OCoLC)888343543 | ||
| 040 |
_aDGITA _beng _erda _epn _cDGITA |
||
| 020 |
_a9788415455080 _q(eBook) |
||
| 020 |
_a8415455089 _q(eBook) |
||
| 020 | _z9788499822570 | ||
| 020 | _z8499822576 | ||
| 043 | _ae-sp--- | ||
| 050 | 1 | 4 | _aHQ1236.5.S7 eBook |
| 245 | 0 | 0 |
_aExperiencias jurídicas e identidades femeninas / _cRodríguez López, R.-Bravo Bosch, M.J. (Eds.). |
| 264 | 1 |
_aMadrid : _bDykinson, S.L., _c[2011] |
|
| 264 | 4 | _c©2010 | |
| 300 | _a1 online resource (644 pages) | ||
| 336 |
_atext _btxt _2rdacontent |
||
| 337 |
_acomputer _bc _2rdamedia |
||
| 338 |
_aonline resource _bcr _2rdacarrier |
||
| 504 | _aIncludes bibliographical references. | ||
| 588 | 0 | _aOnline resource; title from ePub and PDF title page (Digitalia, viewed March 20, 2014) | |
| 650 | 0 |
_aWomen's rights _zSpain _xHistory. |
|
| 650 | 0 |
_aEquality before the law _zSpain _xHistory. |
|
| 650 | 0 | _aWomen (Roman law) | |
| 650 | 0 |
_aWomen _zSpain _xSocial conditions _xHistory. |
|
| 655 | 0 | _aElectronic books. | |
| 700 | 1 |
_aRodríguez López, Rosalía, _eeditor. |
|
| 700 | 1 |
_aBravo Bosch, María José, _eeditor. |
|
| 791 | 2 |
_aDigitalia (Firm), _edistributor. |
|
| 793 | 0 |
_gDigitalia eBook Collection: _aDykinson Editorial. |
|
| 776 | 0 | 8 |
_iPrint version: _tExperiencias jurídicas e identidades femeninas. _dMadrid : Dykinson, [2011] _z9788499822570 _w(OCoLC)773669430 |
| 856 | 4 | 0 |
_3Digitalia Hispánica _uhttps://www.digitaliapublishing.com/a/15521/ |
| 910 | _aPremium Collection: 2013 | ||
| 942 | _cRAA | ||
| 999 |
_c234199 _d234199 |
||